=LDR 00000nam 2200000 4500 =001 INLIS000000000046767 =005 20150508153953.0 =006 =007 =008 =020 ##$$a 978-979-1486-67-5 =035 ##$$0010-051500000000026 =082 ##$$a 352.01-Han-c =100 ##$$a Dr.Hamzah =245 ##$$a Cara praktis menyusun dan merancang peraturan daerah =250 ##$$a Cet.3 =260 ##$$a jakarta $b Kencana $c 2013 =300 ##$$a xiv,259 Hlm $c 21 Cm =850 ##$$aNBPNMAT =990 ##$$a 0001/BPAP-NTB/20142015 =990 ##$$a 0001/BPAP-NTB/20142015